000 01435cam a2200433 a 4500
001 20725
003 VRT
005 20260130143508.0
008 240226s1994 xo gr 000 f slo
015 _aSNBA1994/04
020 _a8022005118
_q(viazané)
035 _aSNK000017589
039 9 _a202402262122
_bVLOAD
_c202311211955
_dVLOAD
_c202212090928
_dmsnk24
_c202101091247
_dcsnk01
040 _aSNK
_bslo
_cSNK
_eAACR2
041 1 _aslo
_heng
044 _axo
_cSK
072 7 _a821.111(73)-3
_xAmerická próza
_2konspekt
080 _a820 (73)-3
_21981
080 _a821.111(73)-31
_22011
080 _a(0:82-312.4)
_22011
100 1 _aMcBain, Ed,
_d1926-2005
_4aut
240 1 0 _aKiss
_lSlovensky
245 1 0 _aBozk
_cEd Mac Bain ; [preložila Miroslava Staszová]
250 _a1. vyd.
260 _aBratislava
_bSlovenský spisovateľ
_c1994
_eBratislava
_fSvornosť
300 _a283 strán
_c21 cm
490 1 _aZelená knižnica
500 _aPreložené z angličtiny
655 7 _aamerické romány
_2SNKPH
655 7 _adetektívne romány
_2SNKPH
700 1 _aStaszová, Miroslava,
_d1952-
_4trl
830 0 _aZelená knižnica
910 _asnk
942 _2ddc
_cKLDO
_n0
949 _617A0163464
_asnkSC 85516 D1
949 _6270001000055034
_asvkbbA 85513
_bsvkbbm 583554
949 _617A0995857
_asnkSC 85516
_bsnkKSP 3752/94
_s6100:20221214
949 _6273K0201873
_asvkpoA 162460
_bsvkpo400761
_oPV 2471/94
999 _c20725
_d20725